00777cam a2200193 a 450000100100000000500170001000800410002702000150006803500190008304000300010208200180013210000340015024501490018426001440033330000270047749000270050465000250053183000270055600001495920200929163930.0990224s1997 ve a 000 0 spa d a9803510150 a(DLC) 99176823 aDO-SdBNPbspacDLCdBNPHU a750.87bN322p1 aNavarro, Pascual,d1923-1985.10aPascual Navarro :bentre galas neoclásicas : Coleccion Museo Arturo Michelena, Caracas ; Foyer del Teatro Municipal, Valencia, Diciembre 1997. aCaracas :bConsejo Nacional de la Cultura :bFundación Museo Arturo Michelena :bAlcaldía de Valencia :bDirección de Cultura,c1997. a32 p. :bil. ;c28 cm.1 aMuseo Arturo Michelena 4aPinturas venezolanas 0aMuseo Arturo Michelena